| 000 | 00544nam a2200181 a 4500 | ||
|---|---|---|---|
| 001 | 2955 | ||
| 003 | CDMR | ||
| 005 | 20130417100611.0 | ||
| 008 | 130130s1963||||||||||||||||||||||||||||d | ||
| 040 |
_aCDMR _bcat _cCDMR |
||
| 100 | 1 |
_9242 _aRodríquez de Aragón, Mario |
|
| 245 | 1 | 0 |
_aNotas de orientación bibliográfica sobre técnicas de las artes gráficas _cM.R. Aragón |
| 260 |
_aMadrid _c1963 _bEscuela Oficial de Periodismo |
||
| 300 |
_a143 p ; _c21 cm |
||
| 490 | 0 | _aCuadernos de Periodismo | |
| 650 | 0 | 4 |
_93187 _aGrafisme |
| 942 |
_cMON _2ddc |
||
| 999 |
_c2955 _d2955 |
||